Nommez le pays ET la capitale à partir du drapeau - Statistiques

Statistiques générales
  • Ce quiz a été pris 68 fois
  • Le résultat moyen est 223 sur 392
Statistiques - réponses
Par images Réponse % Correct
Brésil
87%
Corée du Sud
87%
Italie
87%
Canada
84%
Espagne
84%
Japon
84%
Suisse
84%
Berne
82%
Israël
82%
Liban
82%
Lisbonne
82%
Portugal
82%
Rome
82%
Suède
82%
Tokyo
82%
Turquie
82%
Argentine
80%
Brasilia
80%
Chypre
80%
États-Unis
80%
Grèce
80%
Irlande
80%
Madrid
80%
Pologne
80%
Roumanie
80%
Royaume-Uni
80%
Séoul
80%
Ukraine
80%
Albanie
78%
Athènes
78%
Belgique
78%
Bosnie-Herzégovine
78%
Chine
78%
Géorgie
78%
Kosovo
78%
Ottawa
78%
Pays-Bas
78%
Stockholm
78%
Varsovie
78%
Washington
78%
Afrique du Sud
76%
Algérie
76%
Allemagne
76%
Ankara
76%
Australie
76%
Berlin
76%
Buenos Aires
76%
Cameroun
76%
Croatie
76%
Cuba
76%
Danemark
76%
Dublin
76%
Finlande
76%
France
76%
Islande
76%
Jamaïque
76%
Kiev
76%
Londres
76%
Maroc
76%
Norvège
76%
Nouvelle-Zélande
76%
Paris
76%
Alger
73%
Amsterdam
73%
Arabie Saoudite
73%
Bucarest
73%
Côte d'Ivoire
73%
Helsinki
73%
Jérusalem
73%
Kenya
73%
Macédoine du Nord
73%
Malte
73%
Nigeria
73%
Pékin
73%
Russie
73%
Slovaquie
73%
Tunisie
73%
Viêt Nam
73%
Autriche
71%
Bruxelles
71%
Colombie
71%
Inde
71%
Népal
71%
République Tchèque
71%
Serbie
71%
Slovénie
71%
Cambodge
69%
Canberra
69%
Corée du Nord
69%
Égypte
69%
Iran
69%
Le Caire
69%
Luxembourg
69%
Monténégro
69%
Moscou
69%
Oslo
69%
Pakistan
69%
Panama
69%
République Démocratique du Congo
69%
Tunis
69%
Venezuela
69%
Zagreb
69%
Andorre
67%
Beyrouth
67%
Copenhague
67%
Hongrie
67%
Lettonie
67%
Mexique
67%
Moldavie
67%
Monaco
67%
Monaco
67%
Prague
67%
Qatar
67%
Reykjavik
67%
Sénégal
67%
Thaïlande
67%
Uruguay
67%
Vatican
67%
Vienne
67%
Bangladesh
64%
Belgrade
64%
Bulgarie
64%
Estonie
64%
Hanoï
64%
Indonésie
64%
Kazakhstan
64%
Lituanie
64%
Mexico
64%
Mongolie
64%
Nairobi
64%
New Delhi
64%
Ouganda
64%
Pérou
64%
Sarajevo
64%
Tbilissi
64%
Vatican
64%
Wellington
64%
Andorre-la-Vieille
62%
Bangkok
62%
Barbade
62%
Chili
62%
Comores
62%
Équateur
62%
Irak
62%
Jordanie
62%
La Havane
62%
La Valette
62%
Liechtenstein
62%
Luxembourg
62%
Malaisie
62%
Palaos
62%
Rabat
62%
Saint-Marin
62%
Singapour
62%
Sofia
62%
Somalie
62%
Tirana
62%
Tonga
62%
Angola
60%
Arménie
60%
Azerbaïdjan
60%
Bahamas
60%
Budapest
60%
Cap-Vert
60%
Fidji
60%
Kingston
60%
Kirghizistan
60%
Kiribati
60%
Laos
60%
Lesotho
60%
Madagascar
60%
Panama
60%
Pretoria | Le Cap | Bloemfontein
60%
Riyad
60%
Sainte-Lucie
60%
Salvador
60%
Seychelles
60%
Sri Lanka
60%
Suriname
60%
Tanzanie
60%
Bahreïn
58%
Bhoutan
58%
Biélorussie
58%
Bratislava
58%
Brunei
58%
Burkina Faso
58%
Dominique
58%
Ghana
58%
Guatemala
58%
Honduras
58%
Îles Marshall
58%
Ljubljana
58%
Nicosie
58%
Niger
58%
Ouzbékistan
58%
République Dominicaine
58%
Riga
58%
Tadjikistan
58%
Téhéran
58%
Turkménistan
58%
Vaduz
58%
Yémen
58%
Belize
56%
Birmanie
56%
Bogotá
56%
Botswana
56%
Caracas
56%
Costa Rica
56%
Érythrée
56%
Gabon
56%
Islamabad
56%
Kinshasa
56%
Liberia
56%
Libye
56%
Malawi
56%
Mali
56%
Minsk
56%
Papouasie-Nouvelle-Guinée
56%
Philippines
56%
Pristina
56%
Saint-Marin
56%
Saint-Vincent-et-les-Grenadines
56%
Afghanistan
53%
Bénin
53%
Burundi
53%
Chișinău
53%
Dakar
53%
Doha
53%
États Fédérés de Micronésie
53%
Éthiopie
53%
Haïti
53%
Jakarta
53%
Lima
53%
Maldives
53%
Mauritanie
53%
Montevideo
53%
Nicaragua
53%
Oman
53%
Oulan-Bator
53%
Pyongyang
53%
Quito
53%
République Centrafricaine
53%
Sierra Leone
53%
Singapour
53%
Skopje
53%
Tchad
53%
Trinité-et-Tobago
53%
Vilnius
53%
Yamoussoukro
53%
Yaoundé
53%
Zambie
53%
Antananarivo
51%
Antigua-et-Barbuda
51%
Astana
51%
Émirats Arabes Unis
51%
Eswatini
51%
Gambie
51%
Grenade
51%
Îles Salomon
51%
Maurice
51%
Mozambique
51%
Paraguay
51%
Podgorica
51%
République du Congo
51%
Santiago
51%
Soudan
51%
Syrie
51%
Taïwan
51%
Togo
51%
Tuvalu
51%
Abuja
49%
Bagdad
49%
Bolivie
49%
Djibouti
49%
Erevan
49%
Guatemala
49%
Guinée
49%
Guinée-Bissau
49%
Guinée Équatoriale
49%
Kaboul
49%
Katmandou
49%
Koweït
49%
Kuala Lumpur
49%
Manille
49%
Namibie
49%
Samoa
49%
Sao Tomé-et-Principe
49%
Tallinn
49%
Tripoli
49%
Bakou
47%
Belmopan
47%
Djibouti
47%
Nauru
47%
Ouagadougou
47%
Phnom Penh
47%
Rwanda
47%
Soudan du Sud
47%
Vanuatu
47%
Zimbabwe
47%
Bamako
44%
Guyana
44%
La Paz | Sucre
44%
San Salvador
44%
Taipei
44%
Timor Oriental
44%
Abou Dabi
42%
Asunción
42%
Brazzaville
42%
Dacca
42%
Koweït
42%
Libreville
42%
Luanda
42%
Nassau
42%
Saint-Domingue
42%
Vientiane
42%
Addis-Abeba
40%
Amman
40%
Bichkek
40%
Lomé
40%
Manama
40%
Mascate
40%
Port-au-Prince
40%
Roseau
40%
Saint-Christophe- et-Niévès
40%
Tegucigalpa
40%
Asmara
38%
Bandar Seri Begawan
38%
Bissau
38%
Damas
38%
Kampala
38%
Mogadiscio
38%
Monrovia
38%
Moroni
38%
Naypyidaw
38%
Paramaribo
38%
Praia
38%
Sanaa
38%
Sao Tomé
38%
Accra
36%
Achgabat
36%
Bangui
36%
Dili
36%
Dodoma
36%
Douchanbé
36%
Freetown
36%
Georgetown
36%
Harare
36%
Khartoum
36%
Kigali
36%
Lilongwe
36%
Mbabane
36%
Nouakchott
36%
Port-d'Espagne
36%
Porto-Novo | Cotonou
36%
San José
36%
Suva
36%
Victoria
36%
Banjul
33%
Castries
33%
Conakry
33%
Gaborone
33%
Gitega
33%
Honiara
33%
Majuro
33%
Malé
33%
Managua
33%
Maputo
33%
Maseru
33%
Ngerulmud
33%
Nukuʻalofa
33%
Palikir
33%
Saint John's
33%
Sri Jayawardenepura Kotte
33%
Tachkent
33%
Tarawa
33%
Thimphou
33%
Yaren
33%
Apia
31%
Bridgetown
31%
Djouba
31%
Lusaka
31%
Niamey
31%
Port-Louis
31%
Port Moresby
31%
Saint George's
31%
Windhoek
31%
Ciudad de la Paz
29%
Kingstown
29%
Ndjamena
29%
Port-Vila
29%
Funafuti
27%
Basseterre
22%
Aucun quiz correspondant
Distribution des résultats
% des personnes avec chaque résultat
Percentile par nombre de réponses
Votre historique - résultats
Vous n’avez pas pris ce quiz